Adónde vamos, argentinos /
Guardado en:
| Autor Principal: | |
|---|---|
| Formato: | Libro |
| Publicado: |
Buenos Aires :
Corregidor
|
| Series: | Biblioteca de las cuestiones; No. 2
|
| Materias: | |
| Etiquetas: |
Agregar Etiqueta
Sin Etiquetas, Sea el primero en etiquetar este registro!
|
| LEADER | 00734nam a22001935a 4500 | ||
|---|---|---|---|
| 001 | CEM.cems012732 | ||
| 005 | 20071016145539.0 | ||
| 008 | 130507b######################000#0#####d | ||
| 003 | CEMS | ||
| 082 | 0 | 4 | |a 320.982 |
| 100 | 1 | |a Puiggrós, Rodolfo | |
| 245 | 1 | 0 | |a Adónde vamos, argentinos / |c Rodolfo Puiggrós |
| 260 | |a Buenos Aires : |b Corregidor | ||
| 300 | |a 214 p. | ||
| 490 | 0 | |a Biblioteca de las cuestiones; No. 2 | |
| 505 | 0 | |a Democracia y liberalismo -- Pasatismo y presentismo -- El desarrollismo -- Anarqustas, socialistas y comunistas -- Yrigoyenismo y década infame -- Peronismo y socialismo | |
| 653 | |a Argentina-historia | ||
| 653 | |a Argentina-ideas política | ||
| 859 | |a CEMS |b BIB. CEMS - 11 de abril |h 320.982 |i P964 |p 24053.07 |t Ej.1 | ||
